banner-ar

BUILDERS OF THE ANCIENT WORLD / (Record no. 25672)

MARC details
000 -الفاتح
حقل البيانات ثابتة الطول 00464nam a2200157Ia 4500
008 - عناصر البيانات ثابتة الطول - معلومات عامة
حقل البيانات ثابتة الطول 140319s9999 xx 000 0 eng d
040 ## - مصدر الفهرسة
وكالة الفهرسة الأصلية GCL /
وكالة النسخ GCL
082 04 - رقم تصنيف ديوى العشرى
رقم التصنيف 624.09
رقم المادة N B
100 1# - المدخل الرئيسى - إسم شخصى
الإسم الشخصى NATIONAL GEOGRAPHIC SOCIETY
245 10 - بيان العنوان
العنوان BUILDERS OF THE ANCIENT WORLD /
بيان المسئوليه,etc NATIONAL GEOGRAPHIC SOCIETY
260 ## - PUBLICATION, DISTRIBUTION, ETC. (IMPRINT)
تاريخ النشر أو التوزيع 1986
650 04 - المدخل الاضافى بالموضوع-مصطلح موضوعى
مصطلح موضوعي ENGINEERING HISTORY
650 04 - المدخل الاضافى بالموضوع-مصطلح موضوعى
مصطلح موضوعي ARCHITECTURE, ANCIENT
942 ## - عناصر المدخل الإضافي( كوها)
مصدر التصنيف او مخطط الترفيف Dewey Decimal Classification
Koha [default] item type كتاب
260 ## - PUBLICATION, DISTRIBUTION, ETC. (IMPRINT)
-- [S.N] :
-- NATIONAL GEOGRAPHIC SOCIETY ،
Holdings
حالة التراجع حالة الفقد حالة تلف ليس للاعارة المكان المؤقت الموقع الحالى تاريخ الاكتساب اجمالي اﻻعارات رقم الطلب الباركود تاريخ اخر مشاهدة تاريخ تفعيل السعر نوع وعاء كوها
        مكتبة القاهرة الكبرى مكتبة القاهرة الكبرى 03/26/2014   624.09\N B 45157 03/26/2014 03/26/2014 كتاب
        مكتبة القاهرة الكبرى مكتبة القاهرة الكبرى 03/26/2014   624.09\N B 45158 03/26/2014 03/26/2014 كتاب
        مكتبة القاهرة الكبرى مكتبة القاهرة الكبرى 03/26/2014   624.09\N B 45159 03/26/2014 03/26/2014 كتاب
        مكتبة القاهرة الكبرى مكتبة القاهرة الكبرى 03/26/2014   624.09\N B 45160 03/26/2014 03/26/2014 كتاب
        مكتبة القاهرة الكبرى مكتبة القاهرة الكبرى 03/26/2014   624.09\N B 45161 03/26/2014 03/26/2014 كتاب
        مكتبة القاهرة الكبرى مكتبة القاهرة الكبرى 03/26/2014   624.09\N B 45162 03/26/2014 03/26/2014 كتاب

Powered By

EGPV